000 00358nam a2200145Ia 4500
008 230917s9999||||xx |||||||||||||| ||und||
040 _e148731
_aMAIN
041 _aEnglish
082 _a791.43092 B469N
100 _aBhatt, Mahesh
245 0 _aNa khatam hone wali kahani
260 _aNew Delhi
_bVani Prakashan
_c1998
300 _a213 p.
942 _cBK
999 _c112125
_d112125